| 000 | 00478pab a2200157 454500 | ||
|---|---|---|---|
| 008 | 180718b2011 xxu||||| |||| 00| 0 eng d | ||
| 100 | _aAaronson, Susan Ariel | ||
| 245 | _aLimited partnerships: Business, government, civil society, and the public in the extractive industries transparency initiative | ||
| 260 | _c2011 | ||
| 300 | _ap.50-63. | ||
| 362 | _aFeb | ||
| 650 | _aCivil society | ||
| 773 | _aPublic Administration and Development | ||
| 908 | _aN | ||
| 909 | _a92290 | ||
| 999 |
_c92290 _d92290 |
||